=LDR 00000nam 2200000 4500 =001 INLIS000000000019139 =005 20130612114234 =008 ***********************************Ind** =035 ##$$0010-061300000019139 =041 ##$$a Ind =082 ##$$a 823 =090 ##$$a 823, Har j =100 ##$$a Hardy, Thomas =245 ##$$a Judie the obscure, the letter Killer, Rhomas Hardy =260 ##$$a 1982 $b London =300 ##$$a 628 hlm, 21 cm =650 ##$$a Fiksi Inggris =850 ##$$a NBPNMAT